That thing you do!. (Record no. 910)
[ view plain ]
| 000 -LEADER | |
|---|---|
| fixed length control field | 01074ncm a22003017a 4500 |
| 005 - DATE AND TIME OF LATEST TRANSACTION | |
| control field | 20260322212039.0 |
| 008 - FIXED-LENGTH DATA ELEMENTS--GENERAL INFORMATION | |
| fixed length control field | data |
| 010 ## - LIBRARY OF CONGRESS CONTROL NUMBER | |
| LC control number | 98706685 |
| 028 22 - PUBLISHER OR DISTRIBUTOR NUMBER | |
| Publisher or distributor number | 04000623 |
| Source | H. Leonard Corp. |
| 040 ## - CATALOGING SOURCE | |
| Original cataloging agency | DLC |
| Transcribing agency | DLC |
| 050 00 - LIBRARY OF CONGRESS CALL NUMBER | |
| Classification number | M1258 |
| Item number | .S |
| 099 ## - LOCAL FREE-TEXT CALL NUMBER (OCLC) | |
| Classification number | DVD 817 |
| 001 - CONTROL NUMBER | |
| control field | data |
| 100 1# - MAIN ENTRY--PERSONAL NAME | |
| Personal name | Hanks, Tom. |
| 245 10 - TITLE STATEMENT | |
| Title | That thing you do!. |
| Statement of responsibility, etc. | Tom Hanks ... [et al.]. |
| 260 ## - PUBLICATION, DISTRIBUTION, ETC. | |
| Place of publication, distribution, etc. | Beverly Hills, CA ; |
| Name of publisher, distributor, etc. | Twentieth Century Fox Home Entertainment, |
| Date of publication, distribution, etc. | c1996. |
| 300 ## - PHYSICAL DESCRIPTION | |
| Extent | 1 videodisc (105 min.) ; |
| Dimensions | 31 cm. |
| Other physical details | sd., col. ;; 4 3/4 in. |
| 500 ## - GENERAL NOTE | |
| General note | Originally produced as motion picture in 1996./ Participants: Tom Everett Scott, Liv Tyler, Jonathon Schaech, Steve Zahn, Ethan Embry, Tom Hanks./ Audience: Rated PG. |
| 520 3# - SUMMARY, ETC. | |
| Summary, etc. | The overnight triumph of an American rock band in the glory days of rock & roll. |
| 650 #0 - SUBJECT ADDED ENTRY--TOPICAL TERM | |
| Topical term or geographic name entry element | Comedy films |
| 650 #0 - SUBJECT ADDED ENTRY--TOPICAL TERM | |
| Topical term or geographic name entry element | Feature films |
| 700 1# - ADDED ENTRY--PERSONAL NAME | |
| Personal name | Scott, Tom Everett |
| Dates associated with a name | 1970- |
| 700 1# - ADDED ENTRY--PERSONAL NAME | |
| Personal name | Tyler, Liv |
| 700 1# - ADDED ENTRY--PERSONAL NAME | |
| Personal name | Schaech, Johnathon |
| 700 1# - ADDED ENTRY--PERSONAL NAME | |
| Personal name | Zahn, Steve |
| 700 1# - ADDED ENTRY--PERSONAL NAME | |
| Personal name | Embry, Ethan |
| Dates associated with a name | 1978- |
| 710 2# - ADDED ENTRY--CORPORATE NAME | |
| Corporate name or jurisdiction name as entry element | Twentieth Century-Fox Film Corporation. |
| Withdrawn status | Lost status | Damaged status | Not for loan | Home library | Current library | Shelving location | Date acquired | Total checkouts | Full call number | Barcode | Date last seen | Price effective from | Koha item type |
|---|---|---|---|---|---|---|---|---|---|---|---|---|---|
| Centerville | Centerville | General stacks | 22/03/2026 | M1258 .S | BC0010938 | 22/03/2026 | 22/03/2026 | Books |